000 nam a22 a 4500
999 _c95234
_d95234
003 BLK
005 20210315134754.0
008 180409b bul|||||r ||||||| ||bul||
010 _aKNG00100086000
040 _aBLK
041 _aBUL
_cBUL
072 7 _2bullib
_aА
_xФонд Михаил Арнаудов
072 7 _2bullib
_aЯ
_xАвтографи
080 _aПсихология
_b159.9
_z159.9
100 1 _aКазанджиев, Спиридон Спасов
_eпърви автор
_9366338
139 _aКазанджиев, Спиридон Спасов
_bК 13
245 1 0 _aИсторическо време
_bКризата в матер. и духовния живот и нашите задачи : Сказка, държана в София на 9 апр. 1932
_cСпиридон Спасов Казанджиев.
257 _aBGR
260 _bХемус
_c1932
_fСофия : Придворна печ.
_aСофия
300 _a44 с.
_c20 см
380 _a1
490 _9396381
_aЧастна колекция - Академик Михаил Арнаудов
_gДарение - Основен фонд
500 _aФонд Михаил Арнаудов - подчертавания в текста ; Автограф с текст: На г. Арнаудов 17. VІ. 912. С. Казанджиев. - Мека подв.
650 4 _aПсихология - България
_9299316
659 _aА
659 _aЯ
852 _aЦб 1.180.7922
852 _aМА 2615
856 4 _qpdf
856 4 _qpdf
942 _cKNG
_n0
_s1
944 _aCR
_c10.01.2018
_kГеновева_Генчева
944 _aED
_c2021-03-15
_kКети